10 największych miast w Rosji - Statystyki

Ogólne statystyki
  • Ten quiz został rozwiązany 645 razy
  • Średni wynik to 4 z 10
Statystyki odpowiedzi
Liczba ludności Procent ludności Miasto % Poprawnych
12 330 943 8,4% Moskwa
100%
5 225 219 3,6% Petersburg
94%
1 216 308 0,8% Kazań
54%
1 266 592 0,9% Niżny Nowogród
33%
1 584 921 1,1% Nowosybirsk
33%
1 170 184 0,8% Samara
30%
1 444 738 1,0% Jekaterynburg
28%
1 178 583 0,8% Omsk
24%
1 119 448 0,7% Rostów nad Donem
23%
1 191 458 0,8% Czelabińsk
16%
Nie znaleziono quizów pasujących do podanych kryteriów
Rozkład punktacji
Procent ludzi z każdym wynikiem
Percentyl według liczby udzielonych odpowiedzi
Twoja historia wyników
Nie rozwiązałeś tego quizu